LEADER 01136nam a2200217 i 4500 001 000000255933 003 CaOOAMICUS 005 20210428144349.0 008 171025s1789 it u000 u fre u 013 $a234841 026 $as,e, n.e, leux TrUn (7) 1789 (R) 040 $aSeMil$bita 100 0 $aFriedrich II,$c.$0(OLS)http://semarc/name/2807 245 10$a13: Poesies de Frederic 2. roi de Prusse. Ouvrage posthume. Seconde partie. 300 $a303, [9] p. 500 $aSegn.: A-T8 V4. - La c. V4 contiene contiene indicazione del prezzo del volume e della legatura ed etichetta prestampata con estremi dell'op. e partiz. numerica. 773 0 $aFriedrich II $tOeuvres complettes de Federic [sic] 2. roi de Prusse. Tome 1. [-25.].$dA Berlin : Et se vend chez Formaleoni a Venise, 1787-1792.$g13$w()11220 850 $aSeMil 852 $aSeMil$W1$xVenegono$y1$m3V I 297 FA$j206279$B206279$CSeMilBibl$Z2$F219639 $8I 996 $6245$a13: Poesies de Frederic 2. roi de Prusse. Ouvrage posthume. Seconde partie$9(OLS)http://semarc/title/411971 LEADER 01423nam a2200301 i 4500 001 000000047768 003 CaOOAMICUS 005 20140515000000.0 008 140515s1982 it u000 u ita u 013 $a18938 020 $a88-215-0360-7 040 $aSeMil$bita 100 1 $aSchreiner, Josef <1922-2002>.$0(OLS)http://semarc/name/4569 240 10$aGestalt Und Anspruch des Neuen Testaments.$0(OLS)http://semarc/title/72097 245 10$aIntroduzione letteraria e teologica al Nuovo Testamento /$cJosef Schreiner, Gerhard Dautzenberg e collaboratori ; nuova edizione italiana a cura di Romano Penna. 260 $aRoma :$bPaoline,$ccopyr. 1982. 300 $a671 p. ;$c19 cm. 490 0 $aLa Parola di Dio ;$v23 650 4$aBibbia. Nuovo Testamento - Introduzioni.$0(OLS)http://semarc/subject/1733 700 1 $aDautzenberg, Gerhard.$0(OLS)http://semarc/name/23729 700 1 $aPenna, Romano,$c.$0(OLS)http://semarc/name/769 830 3$aLa parola di Dio ;$v23.$0(OLS)http://semarc/title/431465 850 $aSeMil 852 $aSeMil$W1$xVenegono$y1$m2Z I 295$j13923$B13923$CSeMilBibl$Z2$F13923 $81 961 $aOmaggio: Conti Franco 996 $6020$a88-215-0360-7$9(OLS)http://semarc/number/20567 996 $6245$aIntroduzione letteraria e teologica al Nuovo Testamento$9(OLS)http://semarc/title/72096 996 $6260$aRoma :$bPaoline$9(OLS)http://semarc/publisher/29686